000 00288nam a22001337a 4500
008 180907b xxu||||| |||| 00| 0 eng d
020 _a072163524
041 _aeng
080 _a612
100 _a3
101 _aSHM
245 _aEquine Internal Medicine
_cReed.s.
942 _2udc
_cBK
999 _c47599
_d47599